Statistics for Self-appointed titles

Click here to take the quiz!

General Stats

  • This quiz has been taken 12 times
  • The average score is 6 of 15

Answer Stats

HintAnswer% Correct
FührerAdolf Hitler
100%
Il DuceBenito Mussolini
100%
Wěidà Lǐngxiù Zhǔxí (Great leader chairman)Mao Zedong
89%
Máximo Líder (Greatest Leader)Fidel Castro
67%
VozhdJoseph Stalin
56%
CaudilloFrancisco Franco
56%
Great SuccessorKim Jong-Un
44%
Brotherly Leader and Guide of the RevolutionMuammar Gaddafi
33%
Pemimpin Besar RevolusiSukarno
22%
TurkmenbashiSaparmurat Niyazov
22%
El JefeRafael Trujillo
11%
Ult LideriNursultan Nazarbayev
11%
Sole ForceEnver Hoxha
0%
Al-za‘īmAbd al-Karim Qasim
0%
The Star of the EastNur Muhammad Taraki
0%

Score Distribution

Percentile by Number Answered

Percent of People with Each Score

Your Score History

You have not taken this quiz